Detalles MARC
| 000 -CABECERA |
| Longitud fija campo de control |
02424aam a2200373 i 4500 |
| 003 - • IDENTIFICADOR DELl NÚMERO DE CONTROL |
| Identificador del número de control |
CO-BoRNBP |
| 005 - • FECHA Y HORA DE LA ÚLTIMA TRANSACCIÓN |
| Fecha y hora de la última transacción |
20260216154741.0 |
| 007 - • CAMPO FIJO DE DESCRIPCIÓN FÍSICA |
| Campo fijo de descripción física |
ta |
| 008 - • CÓDIGOS DE INFORMACIÓN DE LONGITUD FIJA |
| Códigos de información de longitud fija |
210928s2021 ck gr 000 fdspa d |
| 020 ## - • NÚMERO INTERNACIONAL NORMALIZADO PARA LIBROS |
| Número Internacional Normalizado para Libros (ISBN) |
9789585285361 |
| 020 ## - • NÚMERO INTERNACIONAL NORMALIZADO PARA LIBROS |
| Número Internacional Normalizado para Libros (ISBN) |
9585285363 |
| 040 ## - FUENTE DE LA CATALOGACIÓN |
| Centro catalogador de origen |
CO-BoUNC |
| Lengua de catalogación |
spa |
| Normas de descripción |
rda |
| Centro transcriptor |
CO-BoUNC |
| 041 1# - • CÓDIGO DE LENGUA |
| Código de lengua del texto/banda sonora o título independiente |
spa |
| Código de lengua original |
fre |
| 043 ## - CÓDIGO DE ÁREA GEOGRÁFICA |
| Código de área geográfica |
e-fr--- |
| 082 04 - • NÚMERO DE LA CLASIFICACIÓN DECIMAL DEWEY |
| Número de clasificación (R) |
843.912 |
| Número del ítem |
L445alp |
| Número de edición |
23 |
| 100 1# - • PUNTO DE ACCESO PRINCIPAL-NOMBRE DE PERSONA |
| Nombre de persona |
Leblanc, Maurice |
| Fechas asociadas al nombre |
1864-1941 |
| Término indicativo de función |
autor |
| 245 10 - • TITULO PROPIAMENTE DICHO |
| Título |
Arsenio Lupin, caballero y ladrón / |
| Mención de responsabilidad, etc. |
Maurice Leblanc. |
| 246 34 - • VARIANTES DE TÍTULO |
| Título propio / Título en breve |
Arséne Lupin, caballero y ladrón |
| 250 ## - • MENCIÓN DE EDICIÓN |
| Mención de edición |
Primera edición |
| 264 #1 - PRODUCCIÓN, PUBLICACIÓN , DISTRIBUCIÓN, FABRICACIÓN Y COPYRIGHT |
| Lugar de producción, publicación, distribución, fabricación |
Colombia : |
| Nombre del productor, editor, distribuidor, fabricante |
Editorial Blanco & Negro, |
| Fecha de de producción, publicación, distribución, fabricación o copyright |
2021. |
| 300 ## - • DESCRIPCIÓN FÍSICA |
| Extensión |
156 páginas ; |
| Dimensiones |
22 cm. |
| 336 ## - TIPO DE CONTENIDO |
| Término de tipo de contenido |
texto |
| Código de tipo de contenido |
txt |
| Fuente |
rdacontent |
| 337 ## - TIPO DE MEDIO |
| Nombre del tipo de medio |
sin mediación |
| Código del tipo de medio |
n |
| Fuente |
rdamedia |
| 338 ## - TIPO DE SOPORTE |
| Nombre del tipo de soporte |
volumen |
| Código del tipo de soporte |
nc |
| Fuente |
rdacarrier |
| 500 ## - • NOTA GENERAL |
| Nota general |
Incluye datos biográficos del autor en la solapa del libro |
| 505 0# - • NOTA DE CONTENIDO CON FORMATO |
| Nota de contenido con formato |
La Detención de Arsenio Lupin -- Arsenio Lupin en prisión -- La fuga de Arsenio Lupin -- El viajero misterioso -- El collar de la Reina -- El siete de corazones -- La caja fuerte de la señora Imbert -- La perla negra. |
| 520 1# - • NOTA DE RESUMEN |
| Resumen, etc, |
El célebre policía Ganimard cree haber cumplido con su mayor cometido: Arsenio Lupin ha sido finalmente arrestado y permancce a buen recaudo en la cárcel de la Santé. Pero es precisamente cuando cree haberlo apresado, que debería desconfiar y estar más atento que nunca, porque el enigmático Lupin, el caballero que no opera sino en castillos y salones, el hombre de los mil disfraces, nunca se da por vencido, y cambia de traje, de domicilio, de rostro y de escritura; conoce todos los pasadizos secretos, fija citas con sus víctimas antes de robarles, pero también devuelve al gran Herlock Sholmes el reloj que "ha tomado prestado" y a una dama, sus joyas, con un ramo de flores. Estas nuevas aventuras confirman su propia confesión: "Arsenio Lupin no es y no podrá ser sino Arsenio Lupin". A bordo del transatlántico Provence, cuyas autoridades han sido puestas sobreaviso de la presencia del ladrón, Lupin conoce a Nelly Underdown, una millonaria que le roba el corazón y a quien él roba las joyas. --Contracubierta |
| 534 ## - • Nota De Versión Original |
| Título |
Arséne Lupin, gentleman cambreioleur |
| 650 17 - • PUNTO DE ACCESO ADICIONAL DE MATERIA - TÉRMINO DE MATERIA |
| Término de materia o nombre geográfico como elemento inicial |
Novela francesa |
| Subdivisión cronológica |
Siglo XX |
| Fuente del encabezamiento o término |
LEMB |
| 650 17 - • PUNTO DE ACCESO ADICIONAL DE MATERIA - TÉRMINO DE MATERIA |
| Término de materia o nombre geográfico como elemento inicial |
Literatura francesa |
| Subdivisión cronológica |
Siglo XX |
| Fuente del encabezamiento o término |
LEMB |
| 650 17 - • PUNTO DE ACCESO ADICIONAL DE MATERIA - TÉRMINO DE MATERIA |
| Término de materia o nombre geográfico como elemento inicial |
Novela policíaca francesa |
| Fuente del encabezamiento o término |
LEMB |
| 942 ## - ENTRADA DE ELEMENTOS AGREGADOS (KOHA) |
| Fuente de clasificaión o esquema |
Dewey Decimal Classification |
| Koha [por defecto] tipo de item |
LIbro |